000 00278nam a2200145Ia 4500
100 _aSeth/M.L
650 _aEconomics
942 _cBK
654 _amoney
245 _aMoney
260 _bLakshmi Narain
_c2002
082 _a332.1
_bSET
300 _a675
546 _aENGLISH
999 _c30532
_d30532